000 00684 a2200181 4500
999 _c7736
_d7736
020 _a0471247081
050 _aHF5667 DEL 1998
100 _aDelaney, Patrick R.
_eauthor
245 _aWiley CPA examination review, 1998-1999 /
_cPatrick R. Delaney
250 _a25th Anniversary edition
264 _aNew York ; Chichester :
_bJohn Wiley & Sons,
_c♭1998.
300 _a1197 pages :
_bill.
500 _aPrevious edition: 1997? Includes index.
650 _a Accounting -- United States -- Examinations
_xStudy guides.
650 _aAccounting -- United States
_xExaminations, questions, etc.
650 _aAccounting.
942 _2lcc
_cBK
_e25th Anniversary edition
_h5667
_iDEL
_kHF